| 000 | 004370000a22001810004500 | ||
|---|---|---|---|
| 003 | MACL | ||
| 005 | 20150916095849.0 | ||
| 008 | 150916b xxu||||| |||| 00| 0 eng d | ||
| 040 |
_aMACL _cmacl |
||
| 041 | _aEnglish | ||
| 082 | _a824/SAN | ||
| 100 |
_aSankrityayan, Rahul _911327 |
||
| 245 | _aSelected Essays | ||
| 260 |
_bPeople Publishing House _c1984 _aNew Delhi |
||
| 350 | _a55 | ||
| 650 |
_aEssays _911328 |
||
| 942 |
_cBK _k824 _2ddc |
||
| 999 |
_c4845 _d4845 |
||